|
|
|
|
| LEADER |
00000nas a2200000 a 4500 |
| 001 |
ssj0012206 |
| 003 |
WaSeSS |
| 005 |
20200512172242.0 |
| 006 |
m d |
| 007 |
cr n |
| 008 |
020903c19479999cauqr p s o 0 a0eng c |
| 010 |
|
|
|a 2005237234
|
| 016 |
7 |
|
|a 2067161-1
|2 DE-600
|
| 022 |
|
|
|a 2325-811X
|y 0043-373X
|
| 035 |
|
|
|a (WaSeSS)ssj0012206
|
| 040 |
|
|
|a FHM
|b eng
|c FHM
|d OCLCQ
|d EYM
|d HUL
|d NSD
|d OCLCQ
|d DLC
|d OCLCF
|d OCLCO
|d OCLCQ
|d DEBBG
|d OCLCO
|d GILDS
|d OCLCO
|d AU@
|d VT2
|d NJT
|d OCL
|d WaSeSS
|
| 042 |
|
|
|a pcc
|a nsdp
|
| 043 |
|
|
|a n-usp--
|
| 050 |
1 |
4 |
|a GR1
|
| 082 |
0 |
0 |
|a 398/.05
|2 23
|
| 130 |
0 |
|
|a Western folklore (Online)
|
| 222 |
|
0 |
|a Western folklore
|b (Online)
|
| 245 |
1 |
0 |
|a Western folklore
|h [electronic resource].
|
| 260 |
|
|
|a Berkeley, Calif. :
|b University of California Press,
|c 1947-
|
| 310 |
|
|
|a Quarterly
|
| 362 |
0 |
|
|a Vol. 6, no. 1 (Jan. 1947)-
|
| 500 |
|
|
|a Title from title screen (JSTOR, viewed Sept. 14, 2005).
|
| 500 |
|
|
|a Published by: California Folklore Society, July 1976-
|
| 506 |
|
|
|a License restrictions may limit access.
|
| 538 |
|
|
|a Mode of access: World Wide Web.
|
| 588 |
|
|
|a Vol. 59, no. 1 (winter 2000) (Chadwyck IIMPFT, viewed Aug. 27, 2002).
|
| 588 |
|
|
|a Latest issue consulted: Vol. 65, No. 4 (fall, 2006) (JSTOR website, viewed Dec. 12, 2012).
|
| 650 |
|
0 |
|a Folklore
|v Periodicals.
|
| 650 |
|
0 |
|a Folklore
|z West (U.S.)
|v Periodicals.
|
| 650 |
|
0 |
|a Manners and customs
|v Periodicals.
|
| 650 |
|
7 |
|a Folklore.
|2 fast
|0 (OCoLC)fst00930306
|
| 650 |
|
7 |
|a Manners and customs.
|2 fast
|0 (OCoLC)fst01007815
|
| 651 |
|
0 |
|a West (U.S.)
|x Social life and customs
|v Periodicals.
|
| 651 |
|
7 |
|a West United States.
|2 fast
|0 (OCoLC)fst01243255
|
| 655 |
|
0 |
|a Electronic journals.
|
| 710 |
2 |
|
|a California Folklore Society.
|
| 776 |
1 |
|
|t Western folklore
|x 0043-373X
|w (DLC) 44049420
|w (OCoLC)5910334
|
| 780 |
0 |
0 |
|t California folklore quarterly (Online)
|x 2325-8128
|w (DLC) 2005237235
|w (OCoLC)61496687
|
| 856 |
4 |
0 |
|z Full text available from Research Library: 01/01/1992 to present
|u https://search.proquest.com/publication/40891
|